| 000 | 00570nam a2200205Ia 4500 | ||
|---|---|---|---|
| 008 | 210210b2000 xxu||||| |||| 00| 0 eng d | ||
| 082 | _a907.202K KRAS | ||
| 100 | _aKRASHNAMURTI (Pi Vi) | ||
| 245 | _aSuryakirti:Dr Suryanatha Kamatara abhinandana grantha. | ||
| 260 |
_aBengaluru _bDa. Suryanatha Kamat Abhinandana Samiti. _c2000 |
||
| 300 | _axxiv,635 | ||
| 650 | _aSuryanatha | ||
| 650 | _aSuryakirti:Dr | ||
| 650 | _aKamatara | ||
| 650 | _agrantha. | ||
| 650 | _aabhinandana | ||
| 690 | _aBiography | ||
| 700 | _aVASANTALAKSHMI (Ke) Ed | ||
| 906 | _aSG03431 | ||
| 999 |
_c114254 _d114254 |
||